|
|
|
|
| LEADER |
01305pam a22003258a 4500 |
| 001 |
00032825 |
| 005 |
20171026081025.0 |
| 008 |
141201s2013 ||||||Viesd |
| 020 |
# |
# |
|a 9786047319688
|c 30000
|
| 041 |
0 |
# |
|a Vie
|
| 082 |
1 |
4 |
|a 370.7
|b Đ300T
|
| 100 |
1 |
# |
|e Chủ trương, tổ chức bản thảo
|a Nguyễn, Đức Lộc
|
| 245 |
0 |
0 |
|c Nguyễn Đức, Lộc (chủ trương, tổ chức bản thảo); Trần Hữu Quang, Ngô Thị Ngân Bình
|a Đi tìm ý tưởng cho đề tài nghiên cứu khoa học
|
| 260 |
# |
# |
|a TP Hồ Chí Minh
|b Đại học Quốc gia TP Hồ Chí Minh
|c 2013
|
| 300 |
# |
# |
|a 123 tr.
|c 18 cm.
|
| 490 |
# |
# |
|a Bút ký cà phê học thuật 1
|
| 653 |
# |
# |
|a Giáo dục
|
| 653 |
# |
# |
|a Ý tưởng
|
| 653 |
# |
# |
|a Phương pháp luận
|
| 653 |
# |
# |
|a Nghiên cứu khoa học
|
| 700 |
1 |
# |
|a Ngô, Thị Ngân Bình
|
| 700 |
1 |
# |
|a Trần, Hữu Quang
|
| 852 |
# |
# |
|b Kho mượn
|j KM.0017555, KM.0017556, KM.0017557, KM.0017558
|
| 852 |
# |
# |
|j KM.0017557
|j KM.0017558
|j KD.0016331
|j KM.0017555
|j KM.0017556
|
| 852 |
# |
# |
|b Kho đọc
|j KD.0016331
|
| 910 |
|
|
|d 1/12/2014
|
| 980 |
# |
# |
|a Trung tâm Học liệu Lê Vũ Hùng, Trường Đại học Đồng Tháp
|